| 000 | 00000nam##2200000za#4500 |
| 001 | 9.577885 |
| 003 | CaOODSP |
| 005 | 20210624185826 |
| 007 | cr ||||||||||| |
| 008 | 150406|1982||||xxc|||||o f|0| 0 eng|d |
| 022 | |a1488-5387 |
| 040 | |aCaOODSP|beng |
| 043 | |an-cn--- |
| 086 | 1 |aFs97-4/1672E-PDF |
| 110 | 1 |aCanada. |bDepartment of Fisheries and Oceans. |
| 245 | 10|aTrapping and coded wire tagging of wild coho salmon smolts in the Salmon River (Langley), 1978 to 1980 / |h[electronic resource]|cby N.D. Schubert. |
| 260 | |aNew Westminster - British Columbia : |bFisheries and Oceans Canada |cSeptember 1982. |
| 300 | |a77p.|bgraphs, map, references, tables, photographs |
| 490 | 1 |aCanadian manuscript report of fisheries and aquatic sciences|x1488-5387|vNo. 1672 |
| 500 | |aThe catalogue number (Fs97-4/1672) and ISSN (0706-6473) for the print edition have been incorrectly copied in this electronic publication. |
| 546 | |a(Résumé en français) |
| 590 | |a13-25-Supp|b2013-10-28 |
| 690 | 07|aFisheries management|2gcpds |
| 690 | 07|aSalt water fish|2gcpds |
| 720 | 1 |aSchubert, N. D. |
| 830 | #0|aCanadian manuscript report of fisheries and aquatic sciences,|x1488-5387|vNo. 1672|w(CaOODSP)9.505211 |
| 856 | 40|ahttp://publications.gc.ca|qPDF|s2.21 MB|uhttps://publications.gc.ca/collections/collection_2013/mpo-dfo/Fs97-4-1672-eng.pdf|yNo. 1672 |